00644cam a22002171 4500001001300000003000400013005001700017008004100034010001700075025001900092035002000111040004800131042001200179050001700191100003700208245005900245250003000304260004600334300001900380650002700399ne 63000623 DLC20260227111743.0890105s1962 le 000 0 ara c ane 63000623  aPL480:UAR-1823 a(OCoLC)18973492 aPrinceton Univ. Libr. for LCcWaUdWaUdDLC apremarc00aCB113.A7bM81 aMūsá, Salāmah,d1887-1958.10aMā hiya al-nahḍahc[taʼlīf] Salāmah Mūsá. a[al-Ṭabʻah al-ūlá] aBayrūt,bMaktabat al-Maʻārifc[1962] a144 p.c20 cm. 0aCivilizationxHistory.